Pays ayant envoyé quelqu'un à la Station Spatiale Internationale - Statistiques

Statistiques générales
  • Ce quiz a été pris 1 057 fois
  • Le résultat moyen est 14 sur 19
Statistiques - réponses
Pays % Correct
151 États-Unis
100%
4 France
100%
48 Russie
99%
9 Japon
96%
3 Allemagne
94%
8 Canada
93%
1 Espagne
93%
5 Italie
91%
1 Royaume-Uni
91%
1 Brésil
84%
1 Suède
75%
1 Corée du Sud
72%
1 Belgique
71%
1 Pays-Bas
67%
1 Danemark
63%
1 Afrique du Sud
52%
1 Kazakhstan
24%
1 Émirats Arabes Unis
18%
1 Malaisie
11%
Aucun quiz correspondant
Distribution des résultats
% des personnes avec chaque résultat
Percentile par nombre de réponses
Votre historique - résultats
Vous n’avez pas pris ce quiz